00552nam a22001577a 4500082002800000100002800028245006800056250001200124260005700136300002300193526003700216650001300253942001200266999001900278952009700297 a620.112bSHAcL-N, P-35 aIrving H. Shames926227 aEngineering mechanics bstatics and dynamicscShames, H. irving a4th ed. aNew DelhibPrentice hall of india private ltd.c1996 axvi, 1024 p.bill. a0b0c0d620_112000000000000_SHA aMCE9379 2ddccBK c544877d544877 00102ddc4070aMCEbMCEd2014-05-14l0o620.112 SHApMCE-44235r2014-05-14w2014-05-14yBK